Statistics for 30 Deadliest Wars In History

Click here to take the quiz!

General Stats

  • This quiz has been taken 1,750 times
  • The average score is 12 of 30

Answer Stats

Death RangeDateHistory Answer% Correct
40,000,000-85,000,0001939-1945World War Two
99%
20,000,0001914-1918World War One
69%
800,000-1,300,0001955-1975Vietnam War
68%
3,500,000-6,000,0001803-1815Napoleonic Wars
67%
3,000,000-11,500,0001618-1648Thirty Year's War
63%
1,000,0001592-1598Japanese Invasion Of Korea
61%
8,400,000-137,750,000...wait what??1492-1691Conquests Of America
58%
868,000-1,400,0001756-1763Seven's Year War
56%
5,000,000-9,000,0001917-1922Russian Civil War
53%
25,000,0001937-1945Second Sino-Japanese War
53%
1,200,0001950-1953Korean War
51%
8,000,0001927-1949Chinese Civil War
49%
1,000,0001980-1988Iran-Iraq War
48%
20,000,000-100,000,0001850-1864Taiping Rebellion
47%
957,865-1,622,8651979-1989Soviet War In Afghanistan
38%
40,000,000-70,000,0001206-1324Mongol Conquests
37%
1,000,000-2,000,0001910-1920Mexican Revolution
31%
2,000,000-4,000,0001562-1598French Wars Of Religion
25%
2,500,000-5,400,0001998-2003Second Congo War
24%
24,300,0001519-1632Spanish Conquest Of Mexico
24%
2,000,0001816-1828Shaka's Conquest
22%
8,400,0001533-1620Spanish Conquest Of Peru
21%
1,460,0001519-1595Spanish Conquest Of Yucatán
20%
36,000,000-40,000,000184-280Three Kingdoms War
17%
7,000,000711-1492Reconquista
14%
25,000,0001616-1662Qing Danysty Conquest Of The Ming
12%
3,000,000-1,000,0001967-1970Biafra War
10%
8,000,000-20,000,0001370-1405Conquests Of Tamerlane
10%
8,000,000-20,770,0001862-1877Dungan Revolt
10%
13,000,000-36,000,000755-763An Lushan Rebellion
9%

Score Distribution

Percentile by Number Answered

Percent of People with Each Score

Your Score History

You have not taken this quiz